| 000 | 01254naa a22003017a 4500 | ||
|---|---|---|---|
| 001 | BR9301708 | ||
| 003 | BR-BrBNA | ||
| 005 | 20240918181025.0 | ||
| 007 | ta | ||
| 008 | 230509b bl.||||| |||| 00| 0 por d | ||
| 040 |
_aBR-BrBNA _bpor _cBiblioteca Nacional de Agricultura |
||
| 041 | _a(Pt) | ||
| 072 |
_aH50 _b1300 |
||
| 090 | _aH50 BR9301708 | ||
| 100 | 1 | _aTakazaki, P.E. | |
| 100 | 1 | _aVechia, P.T.D. | |
| 111 | 1 |
_aSimposio sobre Nutricao e Adubacao de Hortalicas _cJaboticabal, SP (Brazil) _d22-25 Oct 1990 |
|
| 245 | 1 | _aProblemas nutricionais e fisiologicos no cultivo de hortalicas em ambiente protegido | |
| 260 | 3 |
_aPiracicaba, SP (Brasil): _c1993. |
|
| 500 | _aFerreira, M.E.; Castellane, P.D.; Cruz, M.C.P. da(eds.) Nutricao e adubacao de hortalicas Piracicaba, SP (Brasil): 1993. p. 481-487 (BR9301708-AM)H50 | ||
| 650 | _aTomate | ||
| 650 | _aPepino | ||
| 650 | _aDeficiencia Nutricional | ||
| 650 | _aEstufa | ||
| 773 | 0 |
_tNutricao e adubacao de hortalicas _aFerreira, M.E.; Castellane, P.D.; Cruz, M.C.P. da(eds.). Associacao Brasileira para Pesquisa da Potassa e do Fosfato, Piracicaba, SP (Brasil) _wH50 BR9301708 _gPiracicaba, SP (Brasil), 1993. p. 481-487 |
|
| 909 |
_a202404 _bLucia _c55 _dLucia Elande |
||
| 942 |
_cAM _2AGRIS |
||
| 999 |
_c323230 _d323230 |
||